First Property Growth Partnership LP v Royal & Sun Alliance Property Services Ltd (Record no. 70504)

MARC details
000 -LEADER
fixed length control field 01480cam a2200229 4500
001 - CONTROL NUMBER
control field ABS65635
008 - FIXED-LENGTH DATA ELEMENTS--GENERAL INFORMATION
fixed length control field 020619n2002 000 0 eng u
035 ## - SYSTEM CONTROL NUMBER
System control number (Sirsi) u118449
245 ## - TITLE STATEMENT
Title First Property Growth Partnership LP v Royal & Sun Alliance Property Services Ltd
260 ## - PUBLICATION, DISTRIBUTION, ETC.
Date of publication, distribution, etc. 2002
490 ## - SERIES STATEMENT
Series statement Estates Gazette Law Reports
Volume/sequential designation [2002] 22 EG 140, 140-142(3)
520 ## - SUMMARY, ETC.
Summary, etc. ChD 8 March 2002. The claimant landlord (F) owned the reversion to a lease of commercial premises held by the defendant tenant (R). The lease provided for rent reviews. Clause 4 of the lease provided that the landlord might serve a notice to the tenant not more than twelve months before the relevant review date or within three months of the trigger notice. The rent had last been reviewed with effect from 7 May 1990. F served a notice in April 2001 to have the rent reviewed. R contended that the notice was invalid because it did not satisfy the requirements of Clause 4. F argued that clause 4 imposed no time limit upon the giving of a review date. "Held" the lease supported five-yearly reviews. Time was of the essence of the clause.
590 ## - LOCAL NOTE (RLIN)
Local note ABS
650 ## - SUBJECT ADDED ENTRY--TOPICAL TERM
Topical term or geographic name entry element FIRST PROPERTY GROWTH PARTNERSHIP LP V ROYAL AND SUN ALLIANCE PROPERTY SERVICES LTD
650 ## - SUBJECT ADDED ENTRY--TOPICAL TERM
Topical term or geographic name entry element RENT REVIEWS
650 ## - SUBJECT ADDED ENTRY--TOPICAL TERM
Topical term or geographic name entry element TRIGGER NOTICES
650 ## - SUBJECT ADDED ENTRY--TOPICAL TERM
Topical term or geographic name entry element TIME OF THE ESSENCE
650 ## - SUBJECT ADDED ENTRY--TOPICAL TERM
Topical term or geographic name entry element CIVIL PROCEDURE RULES
650 ## - SUBJECT ADDED ENTRY--TOPICAL TERM
Topical term or geographic name entry element RENT REVIEW CLAUSES
690 ## - LOCAL SUBJECT ADDED ENTRY--TOPICAL TERM (OCLC, RLIN)
Topical term or geographic name as entry element LANDLORD AND TENANT-RENT REVIEWS-CASE LAW
942 ## - ADDED ENTRY ELEMENTS (KOHA)
Suppress in OPAC 0
Holdings
Withdrawn status Lost status Source of classification or shelving scheme Damaged status Not for loan Home library Current library Shelving location Date acquired Total Checkouts Full call number Barcode Date last seen Copy number Price effective from Koha item type
    Dewey Decimal Classification     London London Journal article 19/06/2002   ABS65635 118449-1001 06/08/2019 1 06/08/2019 Law report